À quel genre littéraire appartient ce livre ? #2 - Statistiques

Statistiques générales
  • Ce quiz a été pris 32 fois
  • Le résultat moyen est 48 sur 100
Statistiques - réponses
Hint Réponse % Correct
Cinquante Nuances de Grey, E. L. James Romance
83%
Le Mystère de la chambre jaune, Gaston Leroux Roman policier
78%
Antigone, Sophocle Tragédie
78%
Le Dîner de cons, Francis Veber Comédie
74%
Dune, Frank Herbert Roman de science-fiction
74%
Arsène Lupin, Maurice Leblanc Roman policier
74%
Macbeth, William Shakespeare Tragédie
74%
Spider-Man, Steve Ditko et Stan Lee Comic
70%
One Piece, Eiichirō Oda Manga
70%
Naruto, Masashi Kishimoto Manga
70%
Yu-Gi-Oh!, Kazuki Takahashi Manga
70%
Les Trois Mousquetaires, Alexandre Dumas Roman d'aventures
70%
Robinson Crusoé, Daniel Defoe Roman d'aventures
70%
1984, Georges Orwell Roman de science-fiction
70%
Commissaire Maigret, Georges Simenon Roman policier
70%
Hamlet, William Shakespeare Tragédie
70%
Le père Noël est une ordure, troupe du Splendid Comédie
65%
Dragon Ball, Akira Toriyama Manga
65%
Death Note, Tsugumi Ōba et Takeshi Obata Manga
65%
JoJo's Bizarre Adventure, Hirohiko Haraki Manga
65%
Saint Seiya, Masami Kurumada Manga
65%
Sailor Moon, Naoko Takeuchi Manga
65%
Doraemon, Fujiko Fujio Manga
65%
La Planète des singes, Pierre Boulle Roman de science-fiction
65%
Le Crime de l'Orient-Express, Agatha Christie Roman policier
65%
Œdipe roi, Sophocle Tragédie
65%
Phèdre, Jean Racine Tragédie
65%
Les Fourberies de Scapin, Molière Comédie
61%
Superman, Joe Shuster et Jerry Siegel Comic
61%
Batman, Bill Finger et Bob Kane Comic
61%
Le Tour du monde en quatre-vingts jours, Jules Verne Roman d'aventures
61%
L'Île au trésor, Robert Louis Stevenson Roman d'aventures
61%
La Guerre des mondes, H. G. Wells Roman de science-fiction
61%
Les Misérables, Victor Hugo Roman social
61%
Garfield, Jim Davis Comic
57%
L'Appel de la forêt, Jack London Roman d'aventures
57%
Roméo et Juliette, William Shakespeare Tragédie
57%
Le Barbier de Séville, Beaumarchais Comédie
52%
L'Avare, Molière Comédie
52%
L'Incroyable Hulk, Jack Kirby et Stan Lee Comic
52%
Captain America, Jack Kirby et Joe Simon Comic
52%
Snoopy, Charles M. Schulz Comic
52%
Micromégas, Voltaire Conte philosophique
52%
Zadig, Voltaire Conte philosophique
52%
Le Prince philosophe, Olympe de Gouges Conte philosophique
52%
Le Journal de Bridget Jones, Helen Fielding Romance
52%
Les Aventures de Tom Sawyer, Mark Twain Roman d'aventures
52%
Frankenstein ou le Prométhée moderne, Mary Shelley Roman de science-fiction
52%
Blade Runner, Philip K. Dick Roman de science-fiction
52%
Le Chien des Baskerville, Arthur Conan Doyle Roman policier
52%
Médée, Euripide Tragédie
52%
Le Misanthrope, Molière Comédie
48%
Tortues Ninja, Kevin Eastman et Peter Laird Comic
48%
Candide, Voltaire Conte philosophique
48%
L'Alchimiste, Paulo Coelho Conte philosophique
48%
Astro, le petit robot, Osamu Tezuka Manga
48%
Tarzan, Edgar Rice Burroughs Roman d'aventures
48%
Fondation, Isaac Asimov Roman de science-fiction
48%
La Mare au diable, George Sand Roman social
48%
Eugénie Grandet, Honoré de Balzac Roman social
48%
La Peau de chagrin, Honoré de Balzac Roman social
48%
La Cage aux folles, Jean Poiret Comédie
43%
Orgueils et préjugés, Jane Austen Romance
43%
Moby-Dick, Herman Melville Roman d'aventures
43%
Metropolis, Thea von Harbou Roman de science-fiction
43%
Le Père Goriot, Honoré de Balzac Roman social
43%
La Petite Fadette, George Sand Roman social
43%
Les Lettres persanes, Montesquieu Conte philosophique
39%
Le Petit Prince, Antoine de Saint-Exupéry Conte philosophique
39%
Pierre et le Loup, Sergueï Prokofiev Conte philosophique
39%
Da Vinci Code, Dan Brown Roman policier
39%
Le Silence des agneaux, Thomas Harris Roman policier
39%
Le Mariage de Figaro, Beaumarchais Comédie
35%
Kick-Ass, Mark Millar et John Romita Jr Comic
35%
Paul et Virginie, Jacques-Henri Bernardin de Saint-Pierre Romance
35%
Don Quichotte, Miguel de Cervantes Roman d'aventures
35%
De la Terre à la Lune, Jules Verne Roman de science-fiction
35%
La Servante écarlate, Margaret Atwood Roman de science-fiction
35%
Le Nom de la rose, Umberto Eco Roman policier
35%
Faust, Johann Wolfgang von Goethe Tragédie
35%
Supplément au Voyage de Bougainville, Denis Diderot Conte philosophique
30%
Belle du Seigneur, Albert Cohen Romance
30%
Le Club des cinq, Enid Blyton Roman d'aventures
30%
Les Raisins de la colère, John Steinbeck Roman social
30%
Ubu roi, Alfred Jarry Comédie
26%
Millénium, Stieg Larsson Roman policier
26%
Oliver Twist, Charles Dickens Roman social
26%
Les Mystères de Paris, Eugène Sue Roman social
26%
Le Songe d'une nuit d'été, William Shakespeare Comédie
22%
Les Voyages de Gulliver, Jonathan Swift Conte philosophique
17%
Le Diable au corps, Raymond Radiguet Romance
17%
Les oiseaux se cachent pour mourir, Colleen McCullough Romance
17%
Les Aventures de Huckleberry Finn, Mark Twain Roman social
13%
Le Grand Meaulnes, Alain-Fournier Romance
9%
V pour Vendetta, David Lloyd et Alan Moore Comic
4%
Gatsby le Magnifique, Francis Scott Fitzgerald Romance
4%
Mort d'un commis voyageur, Arthur Miller Tragédie
4%
Le Rayon vert, Jules Verne Romance
0%
Crime et Châtiment, Fiodor Dostoïevski Roman policier
0%
Salomé, Oscar Wilde Tragédie
0%
Aucun quiz correspondant
Distribution des résultats
% des personnes avec chaque résultat
Percentile par nombre de réponses
Votre historique - résultats
Vous n’avez pas pris ce quiz